| 000 | 01400nam a2200361 a 4500 | ||
|---|---|---|---|
| 001 | ebr10671159 | ||
| 003 | CaPaEBR | ||
| 006 | m u | ||
| 007 | cr cn||||||||| | ||
| 008 | 100303s2009 nyuad sb 001 0 eng d | ||
| 010 | _z 2010277394 | ||
| 020 | _z9781606921517 (hbk.) | ||
| 020 | _z1606921517 (hbk.) | ||
| 020 | _z9781613249840 (e-book) | ||
| 040 |
_aCaPaEBR _cCaPaEBR |
||
| 035 | _a(OCoLC)753429587 | ||
| 043 | _an-us--- | ||
| 050 | 1 | 4 |
_aRA410.53 _b.H363 2009eb |
| 082 | 0 | 4 |
_a338.4336210973 _222 |
| 245 | 0 | 0 |
_aHealth care costs _h[electronic resource] : _boutlook and options / _cRaymond W. Inhurst, editor. |
| 260 |
_aNew York : _bNova Science Publishers, _c2009. |
||
| 300 |
_a92 p. : _bill. |
||
| 490 | 1 | _aHealth care issues, costs and access | |
| 504 | _aIncludes bibliographical references and index. | ||
| 533 |
_aElectronic reproduction. _bPalo Alto, Calif. : _cebrary, _d2013. _nAvailable via World Wide Web. _nAccess may be limited to ebrary affiliated libraries. |
||
| 650 | 0 |
_aMedical care, Cost of _zUnited States. |
|
| 650 | 0 |
_aHealth care reform _zUnited States. |
|
| 655 | 7 |
_aElectronic books. _2local |
|
| 700 | 1 | _aInhurst, Raymond W. | |
| 710 | 2 | _aebrary, Inc. | |
| 830 | 0 | _aHealth care issues, costs, and access. | |
| 856 | 4 | 0 |
_uhttp://site.ebrary.com/lib/rucke/Doc?id=10671159 _zAn electronic book accessible through the World Wide Web; click to view |
| 999 |
_c162308 _d162308 |
||